000 00393nam a2200181Ia 4500
001 10089
005 20260306161806.0
008 260306t1996||||xx |||||||||||||| ||spa||
041 _aESP
082 _a884.1
_bP59
100 _aPindaro
_eAUT
245 0 _aOdas olimpicas texto impreso
260 _c1996
300 _a
_c
650 _aGEN
654 _aCHU
942 _cLIB
_dJUS
_fJUS
_2ddc
_n
999 _c10089
_d10089